| 000 | 00714cam a2200241 4500 | ||
|---|---|---|---|
| 008 | 090401t1998 xxu||||| |||| 00| 0 eng d | ||
| 020 | _a0854068848 | ||
| 035 | _a(Sirsi) u85987 | ||
| 041 | _aeng | ||
| 050 |
_a352.5 _c18 |
||
| 110 |
_aRoyal Institution of Chartered Surveyors _94900 |
||
| 245 | 4 | _aThe development of local authority property management | |
| 260 |
_aLondon _bRICS _c1998 |
||
| 300 |
_aii, 120p. _c30cm. |
||
| 490 | _aRICS Research | ||
| 650 | _aLOCAL AUTHORITIES | ||
| 650 |
_aProperty management _96262 |
||
| 690 | _aPROPERTY LAW AND PRACTICE | ||
| 700 | _aDeakin, Mark | ||
| 710 |
_aRoyal Institution of Chartered Surveyors _bEducation Trust _947 |
||
| 942 | _n0 | ||
| 948 | _c05/05/1998 | ||
| 999 |
_c97095 _d97095 |
||